Statistics for Name The Fnaf Animatronics

Click here to take the quiz!

General Stats

  • This quiz has been taken 13 times
  • The average score is 61 of 424

Answer Stats

HintAnswer% Correct
.Bonnie
88%
.Chica
75%
.Foxy
75%
.Freddy
75%
FNaF 3Springtrap
75%
.Golden Freddy
50%
.Nightmare
50%
FNaF 4Nightmare Freddy
50%
TwistedTwisted Freddy
50%
.Balloon Boy
38%
.Ballora
38%
Sister LocationCircus Baby
38%
Corrupted Bonnie
38%
Corrupted Chica
38%
Corrupted Foxy
38%
CorruptedCorrupted Freddy
38%
Demented Bonnie
38%
Demented Chica
38%
Demented Foxy
38%
DementedDemented Freddy
38%
.Ennard
38%
.Funtime Foxy
38%
.Glamrock Chica
38%
.Glamrock Freddy
38%
Help WantedGlitchtrap
38%
.Mangle
38%
.Nightmare Bonnie
38%
..Nightmare Chica
38%
.Nightmare Foxy
38%
.Plushtrap
38%
.Puppet
38%
Pizzeria SimulatorScraptrap
38%
Sinister Bonnie
38%
Sinister Chica
38%
Sinister Foxy
38%
SinisterSinister Freddy
38%
.Springbonnie
38%
Toxic Bonnie
38%
Toxic Chica
38%
Toxic Foxy
38%
ToxicToxic Freddy
38%
.Toy Bonnie
38%
.Toy Chica
38%
. | FNaF 2Toy Freddy
38%
Twisted Bonnie
38%
Twisted Chica
38%
Twisted Foxy
38%
.Bidybab
25%
Black Ice Bonnie
25%
Black Ice Chica
25%
Black Ice Foxy
25%
Black IceBlack Ice Freddy
25%
.Bonbon
25%
.Bonnet
25%
.Burntrap
25%
Choc o Bonnie
25%
Choc o Chica
25%
Choc o Foxy
25%
Choc oChoc o Freddy
25%
Drawkill Bonnie
25%
Drawkill Chica
25%
Drawkill Foxy
25%
DrawkillDrawkill Freddy
25%
Dream Bonnie
25%
Dream Chica
25%
Dream Foxy
25%
DreamDream Freddy
25%
.Electrobab
25%
FNaF+ Bonnie
25%
FNaF+ Chica
25%
FNaF+ Foxy
25%
FNaF+FNaF+ Freddy
25%
Fredbear & FriendsFredbear
25%
.Funtime Freddy
25%
.Gregory
25%
.Happy Frog
25%
Ice Bonnie
25%
Ice Chica
25%
Ice Foxy
25%
IceIce Freddy
25%
Ignited Bonnie
25%
Ignited Chica
25%
Ignited Foxy
25%
IgnitedIgnited Freddy
25%
.Jack o Bonnie
25%
.Jack o Chica
25%
.JJ
25%
Liberty Bonnie
25%
Liberty Chica
25%
Liberty Foxy
25%
LibertyLiberty Freddy
25%
.Monty
25%
..Mr Hippo
25%
.Nightmare Balloon Boy
25%
.Nightmare Fredbear
25%
.Nightmare Mangle
25%
.Paper Pals
25%
Pertubed Bonnie
25%
Pertubed Chica
25%
Pertubed Foxy
25%
PertubedPertubed Freddy
25%
.Phantom Balloon Boy
25%
.Phantom Chica
25%
.Phantom Foxy
25%
.Phantom Freddy
25%
.Phantom Mangle
25%
.Phantom Puppet
25%
Reaper Bonnie
25%
Reaper Chica
25%
Reaper Foxy
25%
ReaperReaper Freddy
25%
.Roxy
25%
.Scrapbaby
25%
Slasher Bonnie
25%
Slasher Chica
25%
Slasher Foxy
25%
SlasherSlasher Freddy
25%
.Vanny
25%
Vintage Bonnie
25%
Vintage Chica
25%
Vintage Foxy
25%
VintageVintage Freddy
25%
.Withered Bonnie
25%
.Withered Chica
25%
.Withered Foxy
25%
..Withered Freddy
25%
.Withered Golden Freddy
25%
Woodland Bonnie
25%
Woodland Chica
25%
Woodland Foxy
25%
WoodlandWoodland Freddy
25%
.Yenndo
25%
Beast Bonnie
13%
Beast Chica
13%
Beast Foxy
13%
BeastBeast Freddy
13%
.Bonnie The Bunny
13%
.Chica The Chicken
13%
Claustrophobia Bonnie
13%
Claustrophobia Chica
13%
Claustrophobia Foxy
13%
ClaustrophobiaClaustrophobia Freddy
13%
.Cupcake
13%
.Dark Freddy
13%
.Deedee
13%
.Dredbear
13%
.Eclipse
13%
Fear Bonnie
13%
Fear Chica
13%
Fear Foxy
13%
FearFear Freddy
13%
.Foxy The Pirate
13%
FNaF 1 | FNaF ARFreddy Fazbear
13%
.Glamrock Bonnie
13%
.Grimm Foxy
13%
Halloween Bonnie
13%
Halloween Chica
13%
Halloween Foxy
13%
HalloweenHalloween Freddy
13%
Haphephobia Bonnie
13%
Haphephobia Chica
13%
Haphephobia Foxy
13%
HaphephobiaHaphephobia Freddy
13%
Hellmare Bonnie
13%
Hellmare Chica
13%
Hellmare Foxy
13%
HellmareHellmare Freddy
13%
.Helpi
13%
.Helpy
13%
Jr Bonnie
13%
Jr Chica
13%
Jr Foxy
13%
JrsJr Freddy
13%
.Lefty
13%
.Lolbit
13%
.Map Bot
13%
.Minireena
13%
.Molten Freddy
13%
Monstrum Bonnie
13%
Monstrum Chica
13%
Monstrum Foxy
13%
MonstrumMonstrum Freddy
13%
.Moondrop
13%
.Music Man
13%
.Neddbear
13%
.Nightmare Cupcake
13%
.Nightmarionne
13%
Nightoy Bonnie
13%
Nightoy Chica
13%
Nightoy Foxy
13%
NightoyNightoy Freddy
13%
.Old Man Consequences
13%
.Orville Elephant
13%
.Phantom Bonnie
13%
.Pigpatch
13%
Prototype Bonnie
13%
Prototype Chica
13%
Prototype Foxy
13%
PrototypePrototype Freddy
13%
.Purple Guy
13%
Pyrophobia Bonnie
13%
Pyrophobia Chica
13%
Pyrophobia Foxy
13%
PyrophobiaPyrophobia Freddy
13%
.Rockstar Bonnie
13%
.Rockstar Chica
13%
.Rockstar Foxy
13%
.Rockstar Freddy
13%
.Ruined Glamrock Chica
13%
.Ruined Monty
13%
.Ruined Roxy
13%
Scopophobia Bonnie
13%
Scopophobia Chica
13%
Scopophobia Foxy
13%
ScopophobiaScopophobia Freddy
13%
Scrap Bonnie
13%
Scrap Chica
13%
Scrap Foxy
13%
ScrapScrap Freddy
13%
.Shadow Freddy
13%
.Staff Bots
13%
Stomaphobia Bonnie
13%
Stomaphobia Chica
13%
Stomaphobia Foxy
13%
StomaphobiaStomaphobia Freddy
13%
Submechanphobia Bonnie
13%
Submechanphobia Chica
13%
Submechanphobia Foxy
13%
SubmechanphobiaSubmechanphobia Freddy
13%
.Sundrop
13%
Traumatophobia Bonnie
13%
Traumatophobia Chica
13%
Traumatophobia Foxy
13%
TraumatophobiaTraumatophobia Freddy
13%
Trypophobia Bonnie
13%
Trypophobia Chica
13%
Trypophobia Foxy
13%
TrypophobiaTrypophobia Freddy
13%
Security BreachVanessa
13%
.Wet Floor Bot
13%
Windup Bonnie
13%
Windup Chica
13%
Windup Foxy
13%
WindupWindup Freddy
13%
.8-Bit Baby
0%
.Adventure Balloon Boy
0%
.Adventure Bonnie
0%
.Adventure Chica
0%
.Adventure Coffee Machine
0%
.Adventure Crying Child
0%
..Adventure Endoskeleton 1
0%
.Adventure Endoskeleton 2
0%
.Adventure Foxy
0%
.Adventure Fredbear
0%
FNaF WorldAdventure Freddy
0%
.Adventure Funtime Foxy
0%
.Adventure Golden Freddy
0%
.Adventure Jack o Bonnie
0%
.Adventure Jack o Chica
0%
.Adventure JJ
0%
.Adventure Mangle
0%
.Adventure Nightmare
0%
.Adventure Nightmare Balloon Boy
0%
..Adventure Nightmare Bonnie
0%
.Adventure Nightmare Chica
0%
.Adventure Nightmare Foxy
0%
.Adventure Nightmare Fredbear
0%
.Adventure Nightmare Freddy
0%
.Adventure Nightmarionne
0%
.Adventure Paper Pals
0%
.Adventure Phantom Balloon Boy
0%
.Adventure Phantom Chica
0%
.Adventure Phantom Foxy
0%
.Adventure Phantom Freddy
0%
.Adventure Phantom Mangle
0%
.Adventure Phantom Puppet
0%
.Adventure Plushtrap
0%
.Adventure Puppet
0%
.Adventure Purple Guy
0%
.Adventure RWQFSFASXC
0%
.Adventure Shadow Freddy
0%
.Adventure Springbonnie
0%
.Adventure Springtrap
0%
.Adventure Toy Bonnie
0%
.Adventure Toy Chica
0%
..Adventure Toy Freddy
0%
.Adventure Withered Bonnie
0%
.Adventure Withered Chica
0%
.Adventure Withered Foxy
0%
.Adventure Withered Freddy
0%
.Arctic Ballora
0%
.Bear 5
0%
.Big Bad Foxy
0%
.Blacklight Bonnie
0%
.Blacklight Chica
0%
..Blacklight Foxy
0%
.Blacklight Freddy
0%
.Bouncepot
0%
.Broiler Baby
0%
.Bucket Bob
0%
.Burnt Foxy
0%
.Burnt Freddles
0%
.Candy Cadet
0%
Security Breach RuinCassie
0%
.Catrina Toy Chica
0%
.Chiccles
0%
.Coffee Machine
0%
.Count The Ways Funtime Freddy
0%
.Dark Water Endoskeleton
0%
.Demon Freddy
0%
.DJ Music Man
0%
.El Chip
0%
.Eleanor
0%
.Ella
0%
.Emerald Deedee
0%
.Endoskeleton 1
0%
.Endoskeleton 2
0%
BooksFelix
0%
.Fetch
0%
.Fixed Bonnie
0%
.Flamethrower Endoskeleton
0%
.Flaming Springtrap
0%
.Freddles
0%
.Freddy Frostbear
0%
.Frostbite Balloon Boy
0%
.Frosted Springtrap
0%
.Frost Plushtrap
0%
.Fruit punch Clown
0%
.Funtime Ballora
0%
.Giant Cupcake
0%
.Glamrock Endoskeleton
0%
.Golden Foxy
0%
.Great Escape Golden Freddy
0%
.Highscore Toy Chica
0%
.Jack o Pumpkin
0%
..Jetpack Balloon Boy
0%
.Lemonade Clown
0%
.Little Red Chica
0%
.Lonely Freddy
0%
.Mask Bot
0%
.Melted Chocolate Bonnie
0%
Ultimate Custom NightMini Music Man
0%
..Minireena 2
0%
.Mr Can Do
0%
.Mr Cupcake
0%
.Mr Hugs
0%
.Mr Pickles
0%
.Neon Bonnie
0%
.Neon Chica
0%
.Nightmare Endoskeleton
0%
.Nightmare JJ
0%
.Nightmare Springtrap
0%
.Nightmare Toy Bonnie
0%
.Nightmare Toy Chica
0%
.Number 1 Crate
0%
.Panstan
0%
.Phantom Ballora
0%
.Phantom Golden Freddy
0%
.Phantom Nightmare Freddy
0%
.Phantom Shadow Freddy
0%
.Phone Guy
0%
.Platinum Endoskeleton
0%
.Plush Babies
0%
.Plush Skin
0%
.Plushtrap Chaser
0%
.Prize King
0%
.Prototype Fuintime Foxy
0%
.Prototype Funtime Freddy
0%
.Prototype Glamrock Freddy
0%
.Purple Plushtrap
0%
.Purple Toy Chica
0%
.RedBear
0%
.RWQFSFASXC
0%
.S Bot
0%
.Scorching Chica
0%
.Security Puppet
0%
.Shadow Balloon Boy
0%
.Shadow Cupcake
0%
.Shadow Man
0%
.Shadow Mangle
0%
.Shattered Glamrock Chica
0%
.Shattered Glamrock Freddy
0%
.Shattered Monty
0%
.Shattered Roxy
0%
HoaxesSparky
0%
.Sugar The Cat
0%
.System Error Toy Bonnie
0%
.Tangle
0%
.The Blob
0%
.The Costumes
0%
.The Creation
0%
.The Entity
0%
.The Gray Puppet
0%
.The Mimic
0%
.The Mimic Costume
0%
.Toy Cupcake
0%
.Toy Golden Freddy
0%
.Toy Hybrid
0%
.VR Toy Freddy
0%
.White Rabbit
0%
.Wind Up Music Man
0%
.Withered Balloon Boy
0%
.Withered Mangle
0%
.Withered Puppet
0%
.Withered Toy Bonnie
0%
.Withered Toy Chica
0%
.Withered Toy Freddy
0%
.Worker Bot
0%
.XOR
0%

Score Distribution

Percentile by Number Answered

Percent of People with Each Score

Your Score History

You have not taken this quiz